| 000 | 00602nam a22001577a 4500 | ||
|---|---|---|---|
| 008 | 230609b |||||||| |||| 00| 0 eng d | ||
| 020 | _a0-08-023424-0 | ||
| 040 |
_aNational Science Library _cNational Science Library |
||
| 080 |
_a621.039.59(082.2) _bL9 |
||
| 245 |
_aNeutron data of structural materials for fast reactors _c/ Proceedings of a specialists meeting held at the Central Bureau for Nuclear Measurements...............5-8 December, 1977 |
||
| 260 |
_aOxford: _bPergamon Press, _c1979 |
||
| 300 | _aix, 824p. | ||
| 650 | _aProceedings | ||
| 700 | _aBockhoff, K H (Ed.) | ||
| 942 |
_2udc _cPR |
||
| 999 |
_c41776 _d41776 |
||